000 00421nam a2200181Ia 4500
001 24524
005 20260414151049.0
008 260414t2002||||xx |||||||||||||| ||spa||
041 _aESP
082 _a345.72
_bC17
100 _aCalcaterra, Rubén A.
_eAUT
245 0 _aMediación estratégica
_b
260 _c2002
300 _a361 páginas :
_c\N
650 _aDER
654 _aCDE
942 _cLIB
_dJUS
_fJUS
_2ddc
_n
999 _c24524
_d24524